000 00999pam a2200289 a 4500
999 _c130058
_d130058
001 2406682
003 ARRUPE
005 20191118093934.0
008 861212s1986 ctua b 000 0 eng
010 _a 86027691
020 _a0931816408 (pbk.)
020 _a0931816432 (hard)
040 _aDLC
_cDLC
_dDLC
050 0 0 _aHD75.6
_b.C65 1986
082 0 0 _a338.95
_219
245 0 0 _aCommunity management :
_bAsian experience and perspectives /
_cedited by David C. Korten.
260 _aWest Hartford, Conn. :
_bKumarian Press,
_cc1986.
300 _axxii, 328 p. :
_bill. ;
_c23 cm.
440 0 _aKumarian Press library of management for development
_944277
504 _aIncludes bibliographies.
650 0 _aEconomic development
_xEnvironmental aspects.
_94996
650 0 _aEconomic development
_xSocial aspects.
_928593
650 0 _aCommunity development.
_98596
700 1 _aKorten, David C.
_944276
906 _a7
_bcbc
_corignew
_d1
_eocip
_f19
_gy-gencatlg
942 _2lcc
_cMONOGRAPH